Statistics for A Series Of Unfortunate Events Books

Click here to take the quiz!

General Stats

  • This quiz has been taken 7 times
  • The average score is 8 of 13

Answer Stats

Answer% Correct
The Bad Beginning
100%
The Austere Academy
67%
The Ersatz Elevator
67%
The Hostile Hospital
67%
The Miserable Mill
67%
The Reptile Room
67%
The Slippery Slope
67%
The Vile Village
67%
The Wide Window
67%
The Carnivorous Carnival
33%
The End
33%
The Grim Grotto
33%
The Penultimate Peril
33%

Score Distribution

Percentile by Number Answered

Percent of People with Each Score

Your Score History

You have not taken this quiz